[Event "30ème Open  d'Avoine"]
[Site "Avoine"]
[Date "2015.07.18"]
[Round "8.1"]
[White "Fedorchuk, Sergey A"]
[Black "Bulmaga, Irina"]
[Result "1/2-1/2"]
[WhiteElo "2664"]
[BlackElo "2393"]
[PlyCount "90"]
[EventDate "2015.??.??"]
[WhiteTeam "C-E BOIS-COLOMBES"]
[BlackTeam "C.E. STRASBOURG"]

1. e4 e5 2. Nf3 Nc6 3. Bb5 a6 4. Ba4 Nf6 5. d3 d6 6. c3 g6 7. Bg5 Bg7 8. Nbd2
h6 9. Bh4 O-O 10. O-O b5 11. Bc2 Re8 12. Re1 Bb7 13. a4 Qd7 14. b4 Nh7 15. Bb3
Kh8 16. Bd5 Rab8 17. axb5 axb5 18. Qb3 Nd8 19. Bxd8 Bxd5 20. Qxd5 Rexd8 21. Ra7
Nf6 22. Qa2 Kg8 23. Qa5 Ne8 24. c4 Qc6 25. Ra1 Qb6 26. Qxb6 Rxb6 27. Ra8 Rbb8
28. Rxb8 Rxb8 29. Rc1 bxc4 30. Rxc4 Kf8 31. Kf1 Ke7 32. Ke2 Rb6 33. d4 exd4 34.
Nxd4 Bxd4 35. Rxd4 Ng7 36. Rc4 Ne6 37. Nf1 Ra6 38. Ne3 Ra2+ 39. Kf3 Rb2 40. g4
Kd7 41. h4 c6 42. Kg3 Rb3 43. Kh2 Rb2 44. Kg3 Rb3 45. Kh2 Rb2 1/2-1/2

[Event "30ème Open  d'Avoine"]
[Site "Avoine"]
[Date "2015.07.18"]
[Round "8.2"]
[White "Maiorov, Nikita"]
[Black "Nevednichy, Vladislav"]
[Result "1/2-1/2"]
[WhiteElo "2573"]
[BlackElo "2558"]
[PlyCount "41"]
[EventDate "2015.??.??"]
[WhiteTeam "C-E BOIS-COLOMBES"]
[BlackTeam "C.E. STRASBOURG"]

1. d4 Nf6 2. Nf3 d5 3. c4 e6 4. Nc3 Nbd7 5. e3 a6 6. c5 b6 7. c6 Nb8 8. Qa4 Ne4
9. Bd2 Bd6 10. Nxe4 dxe4 11. Ng1 O-O 12. h3 Qh4 13. g3 Qh5 14. Rc1 Qd5 15. Bg2
h6 16. Ne2 b5 17. Qc2 b4 18. g4 a5 19. Ng3 Ba6 20. b3 Kh8 21. Nxe4 1/2-1/2

[Event "30ème Open  d'Avoine"]
[Site "Avoine"]
[Date "2015.07.18"]
[Round "8.3"]
[White "Inkiov, Ventzislav"]
[Black "Bon, Michael"]
[Result "1-0"]
[WhiteElo "2434"]
[BlackElo "2350"]
[PlyCount "95"]
[EventDate "2015.??.??"]
[WhiteTeam "C-E BOIS-COLOMBES"]
[BlackTeam "C.E. STRASBOURG"]

1. d4 d5 2. c4 Nc6 3. Nf3 Bg4 4. cxd5 Bxf3 5. gxf3 Qxd5 6. e3 e5 7. Nc3 Bb4 8.
Bd2 Bxc3 9. bxc3 Nf6 10. c4 Qd6 11. d5 Ne7 12. Rb1 b6 13. Bb4 c5 14. Bc3 O-O
15. h4 Nd7 16. h5 f5 17. Qc2 Rae8 18. Bh3 Qh6 19. Qa4 Rd8 20. Ke2 Qxh5 21. Rbg1
Rf6 22. Qxa7 Qe8 23. Qa4 Nc8 24. Qc2 Nd6 25. Bb2 Ra8 26. a4 Rf7 27. Rg5 h6 28.
Rg6 Nf6 29. Ra1 e4 30. Rag1 Kf8 31. Bxf6 Rxf6 32. Rxg7 Qxa4 33. Qxa4 Rxa4 34.
fxe4 fxe4 35. Rg8+ Ke7 36. R1g7+ Nf7 37. Be6 Rxc4 38. Bxf7 Rc2+ 39. Kd1 Rfxf2
40. Bh5+ Kd6 41. Rd8+ Ke5 42. Re7+ Kf6 43. Rf7+ Ke5 44. Rxf2 Rxf2 45. d6 Rf6
46. d7 Rd6+ 47. Ke2 Kf6 48. Bg4 1-0

[Event "30ème Open  d'Avoine"]
[Site "Avoine"]
[Date "2015.07.18"]
[Round "8.4"]
[White "Coursaget, Nicolas"]
[Black "Swayams, Mishra"]
[Result "1/2-1/2"]
[WhiteElo "2268"]
[BlackElo "2429"]
[PlyCount "51"]
[EventDate "2015.??.??"]
[WhiteTeam "C-E BOIS-COLOMBES"]
[BlackTeam "C.E. STRASBOURG"]

1. d4 e6 2. Nf3 Nf6 3. c4 b6 4. a3 Bb7 5. Nc3 d5 6. cxd5 Nxd5 7. Qc2 g6 8. Nxd5
exd5 9. Bf4 {(=)} c6 10. Be5 f6 11. Bg3 Bd6 12. e3 O-O 13. Bd3 Kg7 14. O-O Bxg3
15. hxg3 Nd7 16. b4 Qe7 17. Rfc1 a5 18. Qc3 Ra7 19. Rab1 Rc8 20. Re1 f5 21.
bxa5 Rxa5 22. Rxb6 Rxa3 23. Rb3 Rca8 {(=)} 24. Reb1 R8a7 25. Bf1 Ba8 26. Rxa3
1/2-1/2

[Event "30ème Open  d'Avoine"]
[Site "Avoine"]
[Date "2015.07.18"]
[Round "8.5"]
[White "Godart, Francois"]
[Black "Ternault, Mathieu"]
[Result "1/2-1/2"]
[WhiteElo "2426"]
[BlackElo "2199"]
[PlyCount "63"]
[EventDate "2015.??.??"]
[WhiteTeam "C-E BOIS-COLOMBES"]
[BlackTeam "C.E. STRASBOURG"]

1. d4 e6 2. Nf3 c5 3. e3 Nf6 4. Bd3 Nc6 5. c3 b6 6. Nbd2 Bb7 7. O-O Qc7 8. Re1
Be7 9. dxc5 bxc5 10. e4 d5 11. Qe2 O-O-O 12. exd5 exd5 13. Nb3 Rhe8 14. Be3 Ne4
15. Nfd2 Nf6 16. Ba6 c4 17. Bxb7+ Kxb7 18. Nd4 Nxd4 19. Bxd4 Bd6 20. Qf3 Bxh2+
21. Kh1 Be5 22. Bxe5 Rxe5 23. Rxe5 Qxe5 24. Nxc4 Qe4 {(=)} 25. Nd2 Qxf3 26.
Nxf3 Re8 27. Nd4 Re5 28. f3 Nd7 29. Kg1 Nc5 30. Rd1 Ne6 31. Nb3 Re2 32. Rd2 {
(=)} 1/2-1/2

[Event "30ème Open  d'Avoine"]
[Site "Avoine"]
[Date "2015.07.18"]
[Round "8.6"]
[White "Le Borgne, Pierre"]
[Black "Kasparov, Sergey"]
[Result "1/2-1/2"]
[WhiteElo "2252"]
[BlackElo "2497"]
[PlyCount "84"]
[EventDate "2015.??.??"]
[WhiteTeam "C-E BOIS-COLOMBES"]
[BlackTeam "C.E. STRASBOURG"]

1. e4 c6 2. Ne2 d5 3. e5 c5 4. d4 Nc6 5. c3 Bf5 6. dxc5 e6 7. b4 Nxe5 8. Nd4
Bxb1 9. Bb5+ Nd7 10. Rxb1 Ngf6 11. O-O Be7 12. c4 a6 13. cxd5 Nxd5 14. Bxd7+
Qxd7 15. Bb2 Bf6 16. Qf3 Bxd4 17. Bxd4 f6 18. Rfe1 O-O 19. Qg4 Rfe8 20. a4 Qf7
21. Ba1 Rac8 22. Rec1 e5 23. g3 e4 24. Bd4 f5 25. Qe2 f4 26. Qg4 Rc6 27. b5 Rg6
28. Qe2 axb5 29. axb5 f3 30. Qc4 e3 31. c6 bxc6 32. bxc6 e2 33. c7 Ne7 34.
Qxf7+ Kxf7 35. Rb3 Nf5 36. Rxf3 e1=Q+ 37. Rxe1 Rxe1+ 38. Kg2 Rc6 39. Rxf5+ Kg6
40. Rc5 Rc1 41. Rxc6+ Rxc6 42. Be5 Kf7 1/2-1/2

[Event "30ème Open  d'Avoine"]
[Site "Avoine"]
[Date "2015.07.18"]
[Round "8.7"]
[White "Mevel, Alberic"]
[Black "Dumitrache, Dragos-Nicolae"]
[Result "0-1"]
[WhiteElo "2248"]
[BlackElo "2423"]
[PlyCount "110"]
[EventDate "2015.??.??"]
[WhiteTeam "C-E BOIS-COLOMBES"]
[BlackTeam "C.E. STRASBOURG"]

1. e4 d6 2. d4 Nf6 3. Nc3 e5 4. Nf3 Nbd7 5. g4 h6 6. g5 hxg5 7. Bxg5 c6 8. Qd2
b5 9. a3 Qa5 10. Bd3 Rh3 11. Ng1 Rh5 12. d5 Bb7 13. dxc6 Bxc6 14. b4 Qb6 15.
Nge2 Ng4 16. Be3 Nxe3 17. fxe3 Nf6 18. Ng3 Rh7 19. a4 bxa4 20. b5 Bb7 21. Nxa4
Qd8 22. c4 Ng4 23. Be2 Qg5 24. Bxg4 Qxg4 25. O-O Bxe4 26. Nc3 Bb7 27. e4 Qc8
28. Qf2 g6 29. Nd5 Bxd5 30. cxd5 Qb7 31. b6 axb6 32. Rxa8+ Qxa8 33. Qxb6 Be7
34. Rb1 Qa2 35. Qb8+ Bd8 36. Rb2 Qc4 37. Kg2 Qc7 38. Qxc7 Bxc7 39. Rc2 Kd7 40.
Rf2 Bb6 41. Rb2 Kc7 42. Rc2+ Bc5 43. Rc1 Kd7 44. Rc2 Rh4 45. Re2 Ke7 46. Re1
Rh8 47. Rb1 Rh4 48. Rf1 Be3 49. Re1 Bf4 50. Re2 Kf6 51. Kf3 Kg5 52. Nf1 f5 53.
Rg2+ Kf6 54. Re2 Rh3+ 55. Kg2 Rd3 0-1

[Event "30ème Open  d'Avoine"]
[Site "Avoine"]
[Date "2015.07.18"]
[Round "8.8"]
[White "Filip, Lucian"]
[Black "Robin, Samy"]
[Result "1-0"]
[WhiteElo "2419"]
[BlackElo "2247"]
[PlyCount "47"]
[EventDate "2015.??.??"]
[WhiteTeam "C-E BOIS-COLOMBES"]
[BlackTeam "C.E. STRASBOURG"]

1. d4 b5 2. e4 Bb7 3. Nd2 b4 4. Ngf3 e6 5. c4 c5 6. d5 Qc7 7. Bd3 e5 8. O-O d6
9. a3 bxa3 10. Rxa3 g6 11. Nb3 Bg7 12. Na5 Bc8 13. Bc2 Ne7 14. Ba4+ Bd7 15. Ne1
O-O 16. Bxd7 Nxd7 17. Nd3 f5 18. f3 Rf7 19. Bg5 Nf6 20. Qe2 Raf8 21. Rc1 Ne8
22. Bd2 fxe4 23. fxe4 Nf6 24. Re1 1-0

[Event "30ème Open  d'Avoine"]
[Site "Avoine"]
[Date "2015.07.18"]
[Round "8.10"]
[White "Shirazi, Kamran"]
[Black "Degardin, Sylvain"]
[Result "1/2-1/2"]
[WhiteElo "2399"]
[BlackElo "2145"]
[PlyCount "111"]
[EventDate "2015.??.??"]
[WhiteTeam "C-E BOIS-COLOMBES"]
[BlackTeam "C.E. STRASBOURG"]

1. d4 e6 2. c4 Nf6 3. Nc3 Bb4 4. e3 O-O 5. Nge2 d5 6. a3 Be7 7. Nf4 c6 8. Bd3
Nbd7 9. cxd5 exd5 10. g4 Re8 11. Qf3 Nf8 12. g5 Ne4 13. Nxe4 dxe4 14. Bxe4 Bxg5
15. Ne2 Be6 16. Bd2 a5 17. h4 Bf6 18. Rc1 Qd7 19. Rc5 Bg4 20. Qg2 Bxe2 21. Kxe2
Bxd4 22. Rc2 Bf6 23. h5 Ne6 24. Rd1 Qe7 25. Kf1 Nd4 26. exd4 Qxe4 27. Qxe4 Rxe4
28. Be3 Rd8 29. Rc5 h6 30. Rxa5 Bxd4 31. Ra7 b5 32. Rc7 Rd6 33. b4 c5 34. Rb7
cxb4 35. axb4 Bc5 36. Rxd6 Bxd6 37. Bc5 Bxc5 38. bxc5 Re5 39. Rxb5 Kf8 40. Rb8+
Ke7 41. Rb7+ Ke6 42. Rb6+ Kd5 43. Rb7 Rxh5 44. Rxf7 Rg5 45. Rc7 g6 46. Ke2 Rf5
47. c6 Rf6 48. Rh7 Rxc6 {(=)} 49. Rxh6 Ke5 50. Kf3 Kf5 51. Kg3 Rc4 52. f3 Ra4
53. Rh8 g5 54. Rf8+ Kg6 55. Rc8 Kf5 56. Rc5+ {(=)} 1/2-1/2

[Event "30ème Open  d'Avoine"]
[Site "Avoine"]
[Date "2015.07.18"]
[Round "8.11"]
[White "Colin, Vincent"]
[Black "Le Huec, Marc"]
[Result "1-0"]
[WhiteElo "2382"]
[BlackElo "2236"]
[PlyCount "135"]
[EventDate "2015.??.??"]
[WhiteTeam "C-E BOIS-COLOMBES"]
[BlackTeam "C.E. STRASBOURG"]

1. e4 c5 2. c4 Nc6 3. Nc3 g6 4. g3 Bg7 5. Bg2 d6 6. Nge2 h5 7. h3 Bd7 8. d3 Qc8
9. h4 Rb8 10. a4 Nf6 11. Bg5 Qd8 12. O-O O-O 13. Qd2 a6 14. Ra3 Qa5 15. Rb1
Rfe8 16. f3 Kh7 17. Kh2 e5 18. Nd5 Qxd2 19. Bxd2 Nxd5 20. cxd5 Nb4 21. Bh3 Bxh3
22. Kxh3 Nc2 23. Rc3 Nb4 24. Rb3 a5 25. Nc3 Bh6 26. Bxh6 Kxh6 27. Nb5 Red8 28.
Rc3 Kg7 29. f4 f6 30. Rf1 b6 31. Rf3 Kf7 32. Nxd6+ Rxd6 33. fxe5 Rdd8 34. Rxf6+
Kg7 35. Rf4 Nxd5 36. exd5 Rxd5 37. d4 Rxd4 38. Rxd4 cxd4 39. Rc7+ Kf8 40. Rd7
Re8 41. Rxd4 Rxe5 42. Rd6 Kg7 43. Rxb6 Re4 44. b3 Re3 45. Kg2 Rc3 46. Kf2 Kf7
47. b4 axb4 48. Rxb4 Kg7 49. a5 Ra3 50. Rb5 Kf6 51. Rg5 Rd3 52. Ke2 Rd4 53. Ke3
Rd1 54. Ke4 Rd2 55. Rd5 Rg2 56. Rd4 Kg7 57. Rd3 Ra2 58. Rd5 Rg2 59. a6 Ra2 60.
Rd7+ Kf6 61. Rd6+ Kf7 62. Kd5 Ra5+ 63. Kc4 Ra3 64. Kb4 Ra1 65. Kb5 Ra3 66. Kb6
Rxg3 67. a7 Ra3 68. Kb7 1-0

[Event "30ème Open  d'Avoine"]
[Site "Avoine"]
[Date "2015.07.18"]
[Round "8.12"]
[White "Ollier, Milan"]
[Black "Milu, Romeo-Sorin"]
[Result "0-1"]
[WhiteElo "2193"]
[BlackElo "2376"]
[PlyCount "120"]
[EventDate "2015.??.??"]
[WhiteTeam "C-E BOIS-COLOMBES"]
[BlackTeam "C.E. STRASBOURG"]

1. e4 c5 2. Nf3 d6 3. Bb5+ Bd7 4. Bxd7+ Qxd7 5. c4 Nf6 6. Nc3 Nc6 7. d4 cxd4 8.
Nxd4 g6 9. f3 Bg7 10. Nde2 O-O 11. O-O a6 12. a4 Qc7 13. b3 e6 14. Rb1 Nd7 15.
Bg5 Nc5 16. Kh1 Rac8 17. Qd2 Na5 18. Qc2 Ncxb3 19. Rxb3 Nxb3 20. Qxb3 Qxc4 21.
Qxc4 Rxc4 22. Rc1 Rfc8 23. Bd2 Bxc3 24. Rxc3 Rxc3 25. Nxc3 Rc4 26. Kg1 Rd4 27.
Be1 Rb4 28. Kf1 Rb2 29. a5 b5 30. axb6 Rxb6 31. Ke2 Kf8 32. Kd3 Ke7 33. g4 Kd7
34. Kc2 a5 35. Na2 Rb5 36. Bc3 Kc6 37. Bd4 Rb7 38. Nc3 Rb4 39. Be3 Rb8 40. Bd4
Rb7 41. h3 Rb4 42. Be3 f5 43. gxf5 gxf5 44. exf5 exf5 45. f4 Rb8 46. Kd3 Rb2
47. Bd2 Rb3 48. Kc4 Rb4+ 49. Kd3 a4 50. h4 Kd7 51. Nd5 Rb7 52. Ne3 a3 53. Nc2
a2 54. Bc3 Rb1 55. Bf6 Ke6 56. Bh8 Kf7 57. Ke3 Rh1 58. Kf3 Rxh4 59. Nb4 Rh3+
60. Kg2 Ra3 0-1

[Event "30ème Open  d'Avoine"]
[Site "Avoine"]
[Date "2015.07.18"]
[Round "8.13"]
[White "Lazarev, Vladimir"]
[Black "Dutreuil, Raphael"]
[Result "1-0"]
[WhiteElo "2371"]
[BlackElo "2130"]
[PlyCount "71"]
[EventDate "2015.??.??"]
[WhiteTeam "C-E BOIS-COLOMBES"]
[BlackTeam "C.E. STRASBOURG"]

1. Nf3 c5 2. c4 g6 3. e4 Nc6 4. d4 cxd4 5. Nxd4 d6 6. Nc3 Nf6 7. Be2 Nxd4 8.
Qxd4 Bg7 9. Be3 O-O 10. Qd2 Be6 11. Rc1 Qa5 12. f3 Rfc8 13. b3 a6 14. Na4 Qxd2+
15. Kxd2 Nd7 16. g4 f5 17. exf5 gxf5 18. h3 Rf8 19. f4 Rad8 20. Nc3 d5 21. gxf5
Rxf5 22. cxd5 Bxd5 23. Nxd5 Rxd5+ 24. Ke1 Kh8 25. Bf3 Rd6 26. Bxb7 e5 27. f5
Nf6 28. Ke2 Nh5 29. Kf3 Bh6 30. Bxh6 Rxh6 31. Rhd1 Rf8 32. Rc8 Rxc8 33. Bxc8
Nf4 34. Ke4 Nxh3 35. Kxe5 Ng5 36. Be6 1-0

[Event "30ème Open  d'Avoine"]
[Site "Avoine"]
[Date "2015.07.18"]
[Round "8.14"]
[White "Kasparova, Tatiana"]
[Black "Delorme, Alban"]
[Result "0-1"]
[WhiteElo "2141"]
[BlackElo "2353"]
[PlyCount "42"]
[EventDate "2015.??.??"]
[WhiteTeam "C-E BOIS-COLOMBES"]
[BlackTeam "C.E. STRASBOURG"]

1. e4 c5 2. Nf3 d6 3. d4 cxd4 4. Nxd4 Nf6 5. f3 e5 6. Nb3 d5 7. Bg5 d4 8. c3
Nc6 9. cxd4 exd4 10. Bb5 Bb4+ 11. Bd2 Be7 12. Ba5 Qd6 13. Qxd4 Bd7 14. Qxd6
Bxd6 15. Bc3 O-O 16. Bxc6 Bxc6 17. O-O Nh5 18. N1d2 Nf4 19. Nd4 Bc5 20. N2b3
Bb6 21. Kh1 Ba4 0-1

[Event "30ème Open  d'Avoine"]
[Site "Avoine"]
[Date "2015.07.18"]
[Round "8.15"]
[White "Kirk, Ezra"]
[Black "Suez-Panama, Gilles"]
[Result "1/2-1/2"]
[WhiteElo "2321"]
[BlackElo "2035"]
[PlyCount "121"]
[EventDate "2015.??.??"]
[WhiteTeam "C-E BOIS-COLOMBES"]
[BlackTeam "C.E. STRASBOURG"]

1. d4 Nf6 2. c4 g6 3. Nc3 Bg7 4. g3 d6 5. Bg2 Nbd7 6. Nf3 O-O 7. O-O e5 8. e4
Re8 9. h3 exd4 10. Nxd4 Nc5 11. Re1 c6 12. Rb1 a5 13. Kh2 Nh5 14. Be3 Bd7 15.
f4 Nf6 16. Bf2 h5 17. Nc2 Bf8 18. Bxc5 dxc5 19. e5 Nh7 20. h4 Qc7 21. Ne3 Rad8
22. Qc2 Bc8 23. Rbd1 Rd4 24. Ne2 Red8 25. a3 Be7 26. Nxd4 cxd4 27. Nf1 c5 28.
Nd2 Nf8 29. Nf3 Bf5 30. Qb3 Ne6 31. Ng5 Ng7 32. Bd5 Bxg5 33. hxg5 Bg4 34. Rd2
b6 35. Rf2 Re8 36. Qd3 Bf5 37. Be4 Qd7 38. Rfe2 Bg4 39. Rd2 Nf5 40. b4 axb4 41.
axb4 Qa4 42. b5 Kg7 43. Bd5 h4 44. gxh4 Rh8 45. e6 Rxh4+ 46. Kg1 fxe6 47. Rxe6
Qa1+ 48. Qf1 Qxf1+ 49. Kxf1 Ng3+ 50. Kg2 Bxe6 51. Kxg3 Rh3+ 52. Kg2 Re3 {(=)}
53. Ra2 Bf5 54. Ra7+ Kf8 55. Kf2 Bd3 56. Ra8+ Ke7 57. Ra7+ Kf8 58. Ra8+ Ke7 59.
Ra7+ Kf8 60. Ra2 Ke7 61. Ra7+ 1/2-1/2

[Event "30ème Open  d'Avoine"]
[Site "Avoine"]
[Date "2015.07.18"]
[Round "8.16"]
[White "Cau, Benjamin"]
[Black "Purenne, Benoit"]
[Result "1-0"]
[WhiteElo "2133"]
[BlackElo "2311"]
[PlyCount "79"]
[EventDate "2015.??.??"]
[WhiteTeam "C-E BOIS-COLOMBES"]
[BlackTeam "C.E. STRASBOURG"]

1. e4 c6 2. d4 g6 3. Nc3 d5 4. f3 Bg7 5. Be3 Qb6 6. Qd2 Qxb2 7. Rb1 Qa3 8. exd5
Nf6 9. dxc6 bxc6 10. Bc4 Nbd7 11. Nge2 Nb6 12. Bd3 O-O 13. Qc1 Qa5 14. O-O Rd8
15. Bd2 Nbd5 16. Ne4 Qc7 17. c4 Nxe4 18. fxe4 Nb6 19. Be3 c5 20. d5 Nd7 21. Nc3
Ne5 22. Be2 Bg4 23. Nb5 Qd7 24. Bxg4 Qxg4 25. Bxc5 Rdc8 26. Bxe7 Rxc4 27. Qf4
Qe2 28. Nd6 Rc2 29. Rf2 Qd3 30. Rxc2 Qxc2 31. Qc1 Qxa2 32. Qf1 f6 33. h3 a5 34.
Qb5 h5 35. Rf1 a4 36. Qb7 Ra5 37. Qc8+ Kh7 38. Qc7 Qd2 39. Bxf6 Qe3+ 40. Kh1
1-0

[Event "30ème Open  d'Avoine"]
[Site "Avoine"]
[Date "2015.07.18"]
[Round "8.17"]
[White "Stephan, Victor"]
[Black "Ginovart, Axel"]
[Result "1-0"]
[WhiteElo "2302"]
[BlackElo "2089"]
[PlyCount "83"]
[EventDate "2015.??.??"]
[WhiteTeam "C-E BOIS-COLOMBES"]
[BlackTeam "C.E. STRASBOURG"]

1. Nf3 Nf6 2. c4 g6 3. g3 Bg7 4. Bg2 O-O 5. O-O d6 6. d4 Nbd7 7. Nc3 c6 8. e4
e5 9. h3 Qe7 10. Re1 Nb6 11. b3 Ne8 12. a4 Nc7 13. dxe5 dxe5 14. Ba3 c5 15. a5
Nd7 16. Nd5 Qd6 17. Qd2 Nxd5 18. cxd5 Qc7 19. Rec1 b6 20. b4 Re8 21. Bf1 Bf8
22. Bb5 a6 23. axb6 Qxb6 24. Bxd7 Bxd7 25. bxc5 Qb3 26. Qc3 Qxc3 27. Rxc3 Bxh3
28. c6 Bxa3 29. Raxa3 f6 30. d6 Red8 31. Kh2 Bg4 32. d7 Bxf3 33. c7 Bg4 34.
Rxa6 Bxd7 35. cxd8=Q+ Rxd8 36. Rxf6 Rf8 37. Rxf8+ Kxf8 38. Rc5 Kf7 39. Rxe5 Kf6
40. Ra5 Bg4 41. Kg2 g5 42. f4 1-0

[Event "30ème Open  d'Avoine"]
[Site "Avoine"]
[Date "2015.07.18"]
[Round "8.18"]
[White "Tomasi, Albert"]
[Black "Burri, Quentin"]
[Result "1/2-1/2"]
[WhiteElo "1972"]
[BlackElo "2292"]
[PlyCount "104"]
[EventDate "2015.??.??"]
[WhiteTeam "C-E BOIS-COLOMBES"]
[BlackTeam "C.E. STRASBOURG"]

1. e4 c5 2. Nf3 d6 3. d4 cxd4 4. Nxd4 Nf6 5. Nc3 a6 6. g3 e5 7. Nb3 Be7 8. Bg2
Bg4 9. Qd3 Qc7 10. O-O O-O 11. Bg5 Nbd7 12. Rfe1 Rac8 13. Bxf6 Nxf6 14. Nd2 b5
15. a3 Be6 16. Nf1 a5 17. Ne3 b4 18. Nb5 Qc5 19. a4 Rfd8 20. Red1 Ng4 21. c3
Bg5 22. Nxg4 Bxg4 23. Bf3 Be6 24. cxb4 Qxb4 25. h4 Bh6 26. Qa3 Bd2 27. Qd3 Bh6
28. Qa3 Qxa3 29. Rxa3 Bc1 30. Nxd6 Bxb2 31. Rad3 Rc2 32. Nb5 Rxd3 33. Rxd3 g6
34. Bd1 Rc4 35. Bb3 Rxe4 36. Bxe6 fxe6 37. Rd8+ Kg7 38. Rd7+ Kh6 39. Nc7 Rd4
40. Rxd4 exd4 41. Nxe6 d3 {(=)} 42. Kf1 Bc3 43. Nf4 d2 44. Ke2 g5 45. hxg5+
Kxg5 46. Nd5 Bd4 47. f3 h5 48. Kxd2 Bf2 49. f4+ Kg4 50. Nf6+ Kxg3 51. Ne4+ Kxf4
52. Nxf2 Kf3 1/2-1/2

[Event "30ème Open  d'Avoine"]
[Site "Avoine"]
[Date "2015.07.18"]
[Round "8.19"]
[White "Marimoutou, Loic"]
[Black "Legky, Nikolay A"]
[Result "1/2-1/2"]
[WhiteElo "2065"]
[BlackElo "2420"]
[PlyCount "53"]
[EventDate "2015.??.??"]
[WhiteTeam "C-E BOIS-COLOMBES"]
[BlackTeam "C.E. STRASBOURG"]

1. e4 e5 2. Nf3 Nf6 3. Nc3 Nc6 4. d4 exd4 5. Nxd4 Bb4 6. Nxc6 bxc6 7. Bd3 d5 8.
exd5 cxd5 9. O-O O-O 10. Bg5 c6 11. Qf3 h6 12. Bxf6 Qxf6 13. Qxf6 gxf6 14. Ne2
Re8 15. c3 Bf8 16. Rfe1 Bd7 17. Ng3 Rab8 18. Rxe8 Rxe8 19. Nh5 Bg7 20. Kf1 Rb8
21. b3 a5 22. Nxg7 Kxg7 23. Rb1 c5 24. a3 Ra8 25. Ke2 Kf8 26. Ke3 Ke7 27. b4
1/2-1/2

[Event "30ème Open  d'Avoine"]
[Site "Avoine"]
[Date "2015.07.18"]
[Round "8.20"]
[White "Seret, Jean-Luc"]
[Black "Lukasiewicz, Anna"]
[Result "1-0"]
[WhiteElo "2392"]
[BlackElo "2077"]
[PlyCount "79"]
[EventDate "2015.??.??"]
[WhiteTeam "C-E BOIS-COLOMBES"]
[BlackTeam "C.E. STRASBOURG"]

1. e4 e5 2. Nf3 Nc6 3. c3 d5 4. d3 dxe4 5. dxe4 Qxd1+ 6. Kxd1 Bg4 7. Be2 O-O-O+
8. Nfd2 Be6 9. Kc2 Nf6 10. f3 Nd7 11. Bc4 Bxc4 12. Nxc4 Nb6 13. Nxb6+ axb6 14.
a4 Be7 15. b4 h6 16. Na3 Bg5 17. Nc4 Bxc1 18. Rhxc1 f6 19. Ne3 Ne7 20. Rd1 Rxd1
21. Rxd1 Rd8 22. Rg1 h5 23. h4 c6 24. g4 hxg4 25. fxg4 Rd7 26. g5 Ng8 27. Nf5
fxg5 28. hxg5 Kc7 29. Rh1 g6 30. Ne3 Rf7 31. Nc4 Ne7 32. Nxe5 Rf2+ 33. Kd3 Kd6
34. Nc4+ Ke6 35. Nxb6 Rg2 36. a5 Rxg5 37. Rh7 Rg3+ 38. Kc2 c5 39. b5 Re3 40.
Rxe7+ 1-0

[Event "30ème Open  d'Avoine"]
[Site "Avoine"]
[Date "2015.07.18"]
[Round "8.21"]
[White "Grimault, Nathan"]
[Black "Ollier, Pablo"]
[Result "0-1"]
[WhiteElo "2046"]
[BlackElo "2369"]
[PlyCount "58"]
[EventDate "2015.??.??"]
[WhiteTeam "C-E BOIS-COLOMBES"]
[BlackTeam "C.E. STRASBOURG"]

1. d4 Nf6 2. c4 e6 3. Nf3 b6 4. Nc3 Bb4 5. Bg5 h6 6. Bxf6 Qxf6 7. Qb3 c5 8. e3
Nc6 9. a3 Ba5 10. Rd1 Ba6 11. Be2 Rc8 12. O-O Bxc3 13. Qxc3 Na5 14. Nd2 d5 15.
b3 O-O 16. Rfe1 cxd4 17. exd4 Rfd8 18. c5 Bxe2 19. Rxe2 Rxc5 20. Qd3 Rc7 21.
Nf3 Rdc8 22. Re3 Nc6 23. h3 Ne7 24. Ne5 Qf5 25. Qa6 Ng6 26. Nd3 Qf6 27. Qa4 Nh4
28. Ne5 Rc2 29. Rf1 Rxf2 0-1

[Event "30ème Open  d'Avoine"]
[Site "Avoine"]
[Date "2015.07.18"]
[Round "8.22"]
[White "Viennot, Dylan"]
[Black "Guerlach, Keigo"]
[Result "1-0"]
[WhiteElo "2351"]
[BlackElo "2062"]
[PlyCount "63"]
[EventDate "2015.??.??"]
[WhiteTeam "C-E BOIS-COLOMBES"]
[BlackTeam "C.E. STRASBOURG"]

1. e4 g6 2. Nf3 Bg7 3. Bc4 d6 4. d4 Nf6 5. Qe2 c6 6. Bb3 O-O 7. c3 Bg4 8. h3
Bxf3 9. Qxf3 e5 10. dxe5 dxe5 11. O-O Nbd7 12. Rd1 Qe7 13. Bg5 Rad8 14. Nd2 Nc5
15. Bc2 Rd7 16. Nc4 Rfd8 17. Rxd7 Rxd7 18. b4 Na6 19. Rd1 Nb8 20. a4 b5 21.
axb5 cxb5 22. Ne3 Rxd1+ 23. Bxd1 Nbd7 24. Nd5 Qd6 25. Bb3 Nxd5 26. exd5 f5 27.
Be7 e4 28. Qe2 Qe5 29. d6+ Kh8 30. Qe3 Nb6 31. Qd4 Qxd4 32. cxd4 1-0

[Event "30ème Open  d'Avoine"]
[Site "Avoine"]
[Date "2015.07.18"]
[Round "8.23"]
[White "Sandu, Mihaela"]
[Black "Bouvet, Florian"]
[Result "1-0"]
[WhiteElo "2347"]
[BlackElo "2040"]
[PlyCount "59"]
[EventDate "2015.??.??"]
[WhiteTeam "C-E BOIS-COLOMBES"]
[BlackTeam "C.E. STRASBOURG"]

1. e4 c5 2. Nf3 d6 3. d4 cxd4 4. Nxd4 Nf6 5. Nc3 Nbd7 6. Be2 a6 7. f4 g6 8. O-O
Bg7 9. Kh1 O-O 10. Bf3 Re8 11. Nb3 Qc7 12. Qe1 e5 13. Qh4 b5 14. fxe5 dxe5 15.
a3 Bb7 16. Bg5 Qb6 17. Rad1 Rac8 18. Bg4 Nxg4 19. Rxd7 f5 20. h3 h6 21. hxg4
hxg5 22. Qxg5 Rxc3 23. bxc3 f4 24. Rfd1 Bxe4 25. Rxg7+ Kxg7 26. Rd7+ Kg8 27.
Qh6 Qf6 28. Qh7+ Kf8 29. g5 Bxg2+ 30. Kh2 1-0

[Event "30ème Open  d'Avoine"]
[Site "Avoine"]
[Date "2015.07.18"]
[Round "8.24"]
[White "Payen, Arnaud"]
[Black "Eid, Maha"]
[Result "1-0"]
[WhiteElo "2329"]
[BlackElo "2013"]
[PlyCount "87"]
[EventDate "2015.??.??"]
[WhiteTeam "C-E BOIS-COLOMBES"]
[BlackTeam "C.E. STRASBOURG"]

1. Nf3 Nf6 2. c4 g6 3. g3 Bg7 4. Bg2 O-O 5. O-O d6 6. d4 Nc6 7. Nc3 Bg4 8. Ne1
Ne8 9. h3 Bd7 10. e3 e5 11. d5 Ne7 12. e4 Qc8 13. Kh2 f5 14. Bg5 Nf6 15. Nd3 h6
16. Bxf6 Bxf6 17. f4 g5 18. fxe5 dxe5 19. exf5 Nxf5 20. Qe2 Nd4 21. Qh5 Bg7 22.
Be4 Bf5 23. Bxf5 Rxf5 24. Qg6 Qf8 25. Rxf5 Qxf5 26. Qxf5 Nxf5 27. Re1 Rd8 28.
Nc5 Nd4 29. Kg2 b6 30. N5e4 a6 31. a4 Rb8 32. Re3 b5 33. cxb5 axb5 34. Nxb5
Nxb5 35. Rb3 Ra8 36. axb5 Ra4 37. Kf3 Bf8 38. b6 cxb6 39. Rxb6 Rb4 40. Rxb4
Bxb4 41. Kg4 Kf7 42. Kf5 Bf8 43. d6 Ke8 44. Kxe5 1-0

[Event "30ème Open  d'Avoine"]
[Site "Avoine"]
[Date "2015.07.18"]
[Round "8.25"]
[White "Schmit, Vincent"]
[Black "Bouget, Alexandre"]
[Result "0-1"]
[WhiteElo "2021"]
[BlackElo "2256"]
[PlyCount "42"]
[EventDate "2015.??.??"]
[WhiteTeam "C-E BOIS-COLOMBES"]
[BlackTeam "C.E. STRASBOURG"]

1. e4 c5 2. Nf3 a6 3. c4 e6 4. Nc3 Qc7 5. b3 d6 6. Bb2 Nf6 7. d4 cxd4 8. Nxd4
Be7 9. g3 b6 10. Bg2 Bb7 11. O-O O-O 12. Qe2 Nbd7 13. Rad1 Rfe8 14. Rd2 Bf8 15.
Rfd1 d5 16. exd5 exd5 17. Qf1 dxc4 18. Bxb7 Qxb7 19. Qxc4 Bc5 20. Na4 Ne5 21.
Nxc5 bxc5 0-1

[Event "30ème Open  d'Avoine"]
[Site "Avoine"]
[Date "2015.07.18"]
[Round "8.26"]
[White "Devallee, Jeremie"]
[Black "Viers, Emmanuel"]
[Result "0-1"]
[WhiteElo "2246"]
[BlackElo "2012"]
[PlyCount "86"]
[EventDate "2015.??.??"]
[WhiteTeam "C-E BOIS-COLOMBES"]
[BlackTeam "C.E. STRASBOURG"]

1. e4 c5 2. d4 cxd4 3. c3 dxc3 4. Nxc3 Nc6 5. Nf3 e6 6. Bc4 d6 7. O-O Be7 8.
Qe2 a6 9. Rd1 Qc7 10. Bf4 Ne5 11. Bb5+ Nc6 12. e5 d5 13. Ba4 Bd7 14. Bg3 Qb6
15. Rac1 Nh6 16. Rxd5 exd5 17. Nxd5 Qd8 18. e6 Bxe6 19. Rxc6 bxc6 20. Bxc6+ Kf8
21. Nxe7 Kxe7 22. Ng5 Qd4 23. h3 Rac8 24. Qxa6 Rhd8 25. Qa3+ Rd6 26. Bb7 Rc7
27. Ne4 Nf5 28. Nxd6 Nxd6 29. Bf3 Qc5 30. Qa4 Rd7 31. b4 Qb6 32. b5 Kf8 33. Bc6
Rd8 34. Qb4 Qc7 35. a4 Qe7 36. a5 Nf5 37. Qxe7+ Kxe7 38. b6 Nxg3 39. a6 Ne2+
40. Kh2 Kd6 41. Be4 Bd5 42. Bxd5 Kxd5 43. b7 Kc6 0-1

[Event "30ème Open  d'Avoine"]
[Site "Avoine"]
[Date "2015.07.18"]
[Round "8.27"]
[White "Thibault, Pierre-Olivier"]
[Black "Lukasiewicz, Grzegorz"]
[Result "1/2-1/2"]
[WhiteElo "2011"]
[BlackElo "2245"]
[PlyCount "35"]
[EventDate "2015.??.??"]
[WhiteTeam "C-E BOIS-COLOMBES"]
[BlackTeam "C.E. STRASBOURG"]

1. e4 e5 2. Nf3 Nc6 3. Bb5 g6 4. d4 exd4 5. O-O Bg7 6. Bg5 Nge7 7. c3 h6 8. Bh4
g5 9. Bg3 a6 10. Ba4 d6 11. Nxd4 Bd7 12. Na3 Nxd4 13. cxd4 Bxa4 14. Qxa4+ Qd7
15. Qd1 Nc6 16. Nc2 O-O 17. d5 Ne7 18. Nd4 1/2-1/2